Test de apercepción infantil con figuras humanas: CAT-H

Salvato in:
Dettagli Bibliografici
Autori principali: Bellak, Leopold (Autore), Sorel Bellak, Sonya (Autore)
Natura: Libro
Lingua:spagnolo
Pubblicazione: Buenos Aires Paidós 1965
Serie:Biblioteca de Psicometría y Psicodiagnóstico. Serie Mayor, 12c
Soggetti:
Tags: Aggiungi Tag
Nessun Tag, puoi essere il primo ad aggiungerne!!

MARC

LEADER 00000nam a2200000 a 4500
001 UCU1532
003 CL-VaPUC
008 960409e19650000AG |||||||||||||||||spa|d
082 0 4 |a 153.93  |b BEL  |2 21 
100 0 |a Bellak, Leopold  |e author  |9 357158 
700 0 |a Sorel Bellak, Sonya  |e author  |9 357159 
245 1 0 |a Test de apercepción infantil con figuras humanas: CAT-H 
300 |a 21 p 
942 |c BK 
945 |d 19960409 00:00:00  |a paguirre 
260 |a Buenos Aires  |b Paidós  |c 1965 
500 |a Cuaderno de registro y análisis, y 10 láminas 
500 |a Para niños de 4 a 10 años 
650 0 |a Inteligencia  |9 267038 
650 0 |a Cognición   |9 270347 
650 0 |a Percepción   |9 266750 
650 0 |a Psicología del niño  |9 307305 
583 |a last modification  |c 20160907 08:30:30  |k Rodrigo Vera 
490 0 |a Biblioteca de Psicometría y Psicodiagnóstico. Serie Mayor, 12c 
999 |c 246104  |d 246102 
952 |0 0  |1 0  |4 0  |6 153_930000000000000_BEL_1965  |7 0  |8 R  |9 260848  |a BIBEDU  |b BIBEDU  |c MCIRC  |d 2019-11-19  |i 3338517  |o 153.93 BEL 1965  |p 3338517  |r 2024-05-30  |w 2019-11-19  |y BK_R  |k PSI 
952 |0 0  |1 0  |4 0  |6 153_930000000000000_BEL_1965  |7 0  |8 R  |9 260849  |a BIBEDU  |b BIBEDU  |c MCIRC  |d 2019-11-19  |i 4328507  |l 4  |o 153.93 BEL 1965  |p 4328507  |r 2023-01-13  |s 2022-08-09  |w 2019-11-19  |y BK_R  |k PSI 
952 |0 0  |1 0  |4 0  |6 153_930000000000000_BEL_1965  |7 0  |8 R  |9 260850  |a BIBEDU  |b BIBEDU  |c MCIRC  |d 2019-11-19  |i 4328515  |l 1  |m 1  |o 153.93 BEL 1965  |p 4328515  |r 2024-10-17  |s 2024-10-14  |w 2019-11-19  |y BK_R  |k PSI